000 00204 a2200109 4500
020 _a1572575840
041 _aspa
100 _aDunbier, Sally
245 _aEl color azul
942 _cBK
999 _c29704
_d29702
999 _d29702